00527nam a22001577a 450000500170000001000150001702000260003203500140005803700090007208200150008110000160009624500580011226000560017027001150022630000280034120220210142356.0 aENG-131503 a9789389648904c599.00 aEN-115035 bDBAD a320.850954 aJha, Sanjay aThe great Unravelling:bIndia after 2014/cSanjay Jha aChennaibWestland Publication Private Limitedc2020 a1st Floor, A Block, East Wing, Plot No. 40 SP infocity, Dr. MGR Salai, Pergudi, KandanchavadibChennaie600096 a277p.bNotesc22cm(hbk)